Trabajos presentados al IV Simposium de Higiene Industrial / (Record no. 144157)

MARC details
000 -LEADER
campo de control de longitud fija 00985nam a2200241 4500
001 - NÚMERO DE CONTROL
campo de control 144157
003 - IDENTIFICADOR DE NÚMERO DE CONTROL
campo de control ES-MaACL
005 - FECHA Y HORA DE LA ÚLTIMA TRANSACCIÓN
campo de control 20250730084013.0
007 - CAMPO FIJO DE DESCRIPCIÓN FÍSICA--INFORMACIÓN GENERAL
campo de control de longitud fija t|
008 - DATOS DE LONGITUD FIJA--INFORMACIÓN GENERAL
campo de control de longitud fija 070214s1982 sp r ||||1| spa d
111 00 - ENTRADA PRINCIPAL--NOMBRE DE CONGRESO/REUNIÓN
Nombre de congreso/reunión o jurisdicción como elemento de entrada Simposium de Higiene Industrial (
Sede del congreso/Lugar de la reunión Madrid (
Fecha del congreso o de la firma del tratado 1981 (
Número del congreso/reunión o número de parte o sección . 4º)
9 (RLIN) 1092
245 10 - MENCIÓN DEL TÍTULO
Título Trabajos presentados al IV Simposium de Higiene Industrial /
Mención de responsabilidad, etc. [organizado por el Departamento de Prevención de] MAPFRE.
260 ## - PUBLICACIÓN, DISTRIBUCIÓN, ETC.
Lugar de publicación, distribución, etc. Madrid :
Nombre del editor, distribuidor, etc. Mapfre,
Fecha de publicación, distribución, etc. 1982 (
Lugar de fabricación/manufactura Salamanca :
Fabricante Ortega)
300 ## - DESCRIPCIÓN FÍSICA
Extensión IX, 440 p. :
Otras características físicas il. ;
Dimensiones 21 cm.
500 ## - NOTA GENERAL
Nota general Contiene: Formación del higienista industrial ; Riesgos higienicos y nuevas tecnologías ; Higiene analítica ; Control biológico.
710 2# - ENTRADA AGREGADA--NOMBRE DE ENTIDAD CORPORATIVA
Nombre de entidad corporativa o nombre de jurisdicción como elemento de entrada Fundación MAPFRE
9 (RLIN) 4362
740 0# - ENTRADA AGREGADA--TÍTULO RELACIONADO/ANALÍTICO NO CONTROLADO
Título relacionado o analítico no controlado Formación del higienista industrial.
740 0# - ENTRADA AGREGADA--TÍTULO RELACIONADO/ANALÍTICO NO CONTROLADO
Título relacionado o analítico no controlado Riesgos higienicos y nuevas tecnologías.
740 0# - ENTRADA AGREGADA--TÍTULO RELACIONADO/ANALÍTICO NO CONTROLADO
Título relacionado o analítico no controlado Higiene analítica.
740 0# - ENTRADA AGREGADA--TÍTULO RELACIONADO/ANALÍTICO NO CONTROLADO
Título relacionado o analítico no controlado Control biológico.
852 ## - LOCALIZACIÓN
Ubicación ES-MaACL
Número de control de estantería L-3715
Sublocalización o colección R.103792
Holdings
Estatus retirado Estado de pérdida Estado de daño No para préstamo Biblioteca de origen Biblioteca actual Ubicación en estantería Fecha de adquisición Fuente de adquisición Total de préstamos Signatura topográfica completa Código de barras Visto por última vez Precio de reemplazo Tipo de ítem Koha
        Biblioteca del Ateneo de Madrid Biblioteca del Ateneo de Madrid Depósito 2 17/01/2008     L-3715 1149981 23/02/2023 23/02/2023 Libro impreso